000 00589nam a2200169 4500
008 070621s1966 mau 000 0 eng
090 _aGN776.32
_b.P34
_bD34p
100 1 _aVaux, Roland de,
_d1903-1971.
245 1 0 _aPalestine during the neolithic and chalcolithic periods,
260 _aCambridge, :
_bCambridge U.P.,
_c1966.
300 _a49 p. ;
_c24 cm.
650 4 _aStone age
_zPalestine.
830 0 _aCambridge ancient history.
_pRev. ed., fasc.,
_vno. 47.
951 _p30752
_x00035037
_oPAMGN776.32/P34/D34p
_j070621143745250
_d2000-12-21
_cPAM
999 _c29461
_d29461